000 00425nam a2200145 a 4500
001 000033676
005 20200930070432.0
008 110328s1888 dr 001 | spa d
040 _aDO-SdBNP
_bspa
_cBNPHU
110 1 _aSociedad Literaria Amigo del País
_959137
245 1 0 _aManuel Rodríguez Objío :
_bpoesías /.
260 _aSanto Domingo :
_bImprenta Montalvo,
_c1888.
300 _a193 p. : ;
_c21 cm.
049 _aBNPD
999 _c33167
_d33167